000 00635nam a2200181Ia 4500
008 100920s9999 xx 000 0 und d
082 _b103792
_a891.43 न 08
100 _aविभा रानी.
245 _aइसी देश के इसी शहर मे.
260 _bउद्रगम प्रकाशन ,गजियाबाद.
_c2008
300 _a200
_bसाधी
365 _b240
520 _aहिंदी.
630 _aइसी देश के इसी शहर मे.
650 _aहिंदी.
730 _aइसी देश के इसी शहर मे.
942 _cBOOK
999 _c744224
_d744221